Financování hypotečních obchodů pomocí modelu sekuritizace hypotečních úvěrů - MBS

Sekuritizácia predstavuje významný trend na svetových finančných trhoch, pri ktorom dochádza k zvyšovaniu financovania podnikateľských aktivít prostredníctvom kapitálových trhov a k relatívnemu znižovaniu významu financovania prostredníctvom tradičných úverových zmlúv. Sekuritizácia formou ABS (Asse...

Descrizione completa

Salvato in:
Dettagli Bibliografici
Autore principale: Sankot, Martin
Natura: Capitolo di libro
Lingua:ceco
Soggetti:
Tags: Aggiungi Tag
Nessun Tag, puoi essere il primo ad aggiungerne!!

MARC

LEADER 00000naa$a2200000$$$4500
001 0005466
005 20231004073427.5
041 0 |a cze 
044 |a CZ 
245 1 0 |a Financování hypotečních obchodů pomocí modelu sekuritizace hypotečních úvěrů - MBS  |c aut. Martin Sankot 
520 |a Sekuritizácia predstavuje významný trend na svetových finančných trhoch, pri ktorom dochádza k zvyšovaniu financovania podnikateľských aktivít prostredníctvom kapitálových trhov a k relatívnemu znižovaniu významu financovania prostredníctvom tradičných úverových zmlúv. Sekuritizácia formou ABS (Asset backed securities). Hypotekárne poisťovníctvo v USA. Hypotekárne bankovníctvo v EÚ. Rozdiely medzi trhmi v USA a Európy. Hypotekárne bankovníctvo v ČR. Model MBS - (Mortgage backed securities). 
610 2 0 |a trh finančný 
610 2 0 |a trh hypotekárny 
610 2 0 |a úver hypotekárny 
610 2 0 |a financovanie 
610 2 0 |a sekuritizácia 
610 2 0 |a bankovníctvo hypotekárne 
610 2 0 |a USA 
610 2 0 |a Európska únia 
610 2 0 |a Česko 
100 1 |a Sankot, Martin